| 000 | 00556nam a22001817a 4500 | ||
|---|---|---|---|
| 999 |
_c526022 _d526022 |
||
| 003 | NUST | ||
| 020 | _qHBK | ||
| 038 | _aFaiza | ||
| 082 |
_a891.421 _bMAL |
||
| 100 |
_aMalghani, Hameed Ulfat _914862 |
||
| 245 |
_aSilk Salook Fareedi / _cHameed Ulfat Malghani |
||
| 260 |
_aMultan : _bSaraiki Adabi Board, _c2000. |
||
| 300 | _a176 p. ; | ||
| 880 |
_6100-01\r _aحمید اُلفت ملغانی |
||
| 880 |
_6245-02\r _aسِلک سلوک فریدی / |
||
| 880 |
_6260-03\r _aملتان : _bسرائیکی ادبی بورڈ, _c۲۰۰۰. |
||
| 942 |
_2ddc _cBK |
||